[Event "GBR-ch Major 106th"]
[Site "Torquay"]
[Date "2019.07.30"]
[Round "4"]
[White "Barton, R Alan"]
[Black "Turner, Max N"]
[Result "0-1"]
[WhiteElo "1941"]
[BlackElo "2026"]
[PlyCount "136"]
[EventDate "2019.07.27"]
[EventType "swiss"]
[EventRounds "9"]
[EventCountry "ENG"]
[SourceTitle "EXT 2020"]
[Source "ChessBase"]
[SourceDate "2019.10.17"]
[SourceVersion "1"]
[SourceVersionDate "2019.10.17"]
[SourceQuality "1"]

1. Nf3 d5 2. d4 Nf6 3. e3 c5 4. b3 cxd4 5. exd4 Nc6 6. a3 Bg4 7. Be2 e6 8. 0-0 Bd6 9. Bb2 0-0 10. Ne5 Bxe2 11. Qxe2 a5 12. Nd2 a4 13. Nxc6 bxc6 14. b4 Bf4 15. Nf3 Ne4 16. g3 Bc7 17. c4 f5 18. Ne5 Bxe5 19. dxe5 Ng5 20. f3 Qb6+ 21. Kg2 Rad8 22. c5 Qb7 23. Bd4 Rb8 24. Qc2 Qb5 25. h4 Nf7 26. Rf2 Rbd8 27. h5 Qc4 28. Qd1 g6 29. Rc1 Qb5 30. Qd2 Kg7 31. Rh1 Rg8 32. g4 Kf8 33. hxg6 hxg6 34. Rh7 Rg7 35. Rxg7 Kxg7 36. Kg1 Qc4 37. Rg2 Rg8 38. Qe3 Kf8 39. Rh2 Rg7 40. Qc3 Qxc3 41. Bxc3 Ng5 42. Rh8+ Ke7 43. gxf5 gxf5 44. Kf2 Rh7 45. Rg8 Rh2+ 46. Kg3 Rc2 47. Bd4 Nf7 48. Ra8 Rc4 49. Ra7+ Ke8 50. Ra8+ Ke7 51. Ra7+ Kf8 52. Ra8+ Kg7 53. Bb2 Rc2 54. Bd4 Rd2 55. Be3 Rd3 56. Bc1 Rc3 57. Bb2 Rb3 58. Bc1 Nxe5 59. Rxa4 Nxf3 60. Kf4 Kf6 61. Ra8 Ne5 62. Rf8+ Nf7 63. Rxf7+ Kxf7 64. Ke5 Ke7 65. Bd2 Rxa3 66. b5 Ra4 67. Bb4 Rxb4 68. bxc6 Re4# 0-1

[Event "Hastings Masters op 94th"]
[Site "Hastings"]
[Date "2019.01.01"]
[Round "5"]
[White "Wilson, Matthew R"]
[Black "Barton, R Alan"]
[Result "1/2-1/2"]
[WhiteElo "1822"]
[BlackElo "1991"]
[PlyCount "82"]
[EventDate "2018.12.28"]
[EventType "swiss"]
[EventRounds "10"]
[EventCountry "ENG"]
[SourceTitle "CBM 188 Extra"]
[Source "ChessBase"]
[SourceDate "2019.02.26"]
[SourceVersion "1"]
[SourceVersionDate "2019.02.26"]
[SourceQuality "1"]

1. e4 d5 2. exd5 Qxd5 3. Nc3 Qa5 4. Bc4 c6 5. d3 Nf6 6. Bd2 Qc7 7. Nf3 Bg4 8. h3 Bxf3 9. Qxf3 e6 10. 0-0 Nbd7 11. d4 Bd6 12. Rfe1 0-0 13. Ne4 Nxe4 14. Qxe4 Nf6 15. Qh4 Rfe8 16. Bd3 Qd8 17. Bg5 Be7 18. Bxf6 Bxf6 19. Qh5 Kf8 20. Qxh7 Qa5 21. c3 Rac8 22. Qe4 Rcd8 23. Bc2 Rd6 24. f4 c5 25. dxc5 Qxc5+ 26. Kh1 Red8 27. Rad1 Rxd1 28. Rxd1 Rxd1+ 29. Bxd1 Qf2 30. Bf3 g6 31. Qxb7 Kg7 32. Qb5 Qe3 33. Qc4 Qe1+ 34. Kh2 Bh4 35. Qd4+ Kh7 36. Qg1 Qg3+ 37. Kh1 Qxf4 38. Qxa7 Qc1+ 39. Kh2 Qf4+ 40. Kh1 Qc1+ 41. Kh2 Qf4+ 1/2-1/2

[Event "Hastings Masters op 94th"]
[Site "Hastings"]
[Date "2018.12.31"]
[Round "4"]
[White "Barton, R Alan"]
[Black "Moore, Graham J"]
[Result "0-1"]
[WhiteElo "1991"]
[BlackElo "2235"]
[PlyCount "136"]
[EventDate "2018.12.28"]
[EventType "swiss"]
[EventRounds "10"]
[EventCountry "ENG"]
[SourceTitle "CBM 188 Extra"]
[Source "ChessBase"]
[SourceDate "2019.02.26"]
[SourceVersion "1"]
[SourceVersionDate "2019.02.26"]
[SourceQuality "1"]

1. Nf3 d5 2. d4 Nf6 3. e3 e6 4. Bd3 Be7 5. 0-0 0-0 6. b3 c5 7. Bb2 b6 8. c4 Nc6 9. cxd5 Nxd5 10. dxc5 Bxc5 11. Nc3 Bb7 12. a3 Rc8 13. Ne4 Be7 14. Qe2 f5 15. Nc3 Na5 16. Nxd5 Bxd5 17. b4 Nc4 18. Bd4 Bf6 19. Rfc1 Nd6 20. Ne5 Nf7 21. Rxc8 Qxc8 22. Ba6 Qc7 23. Nxf7 Bxd4 24. exd4 Rxf7 25. Qd2 Qd6 26. Rc1 Rc7 27. Rc3 h6 28. Qc1 Rxc3 29. Qxc3 Qf4 30. Qe3 Qc7 31. f4 Qc6 32. Bf1 a5 33. h3 axb4 34. axb4 Qa4 35. Qd2 Qa1 36. Kf2 Kf7 37. Be2 Ke7 38. Bf1 Kd6 39. Be2 Qa2 40. Qxa2 Bxa2 41. Ke3 Kd5 42. Ba6 Bc4 43. Bb7+ Kd6 44. g3 Bb5 45. Bf3 Bc6 46. Be2 Ke7 47. h4 Kf6 48. h5 Ke7 49. g4 fxg4 50. Bxg4 Kd6 51. Kd3 Bd5 52. Kc3 Ke7 53. f5 exf5 54. Bxf5 Kf6 55. Bg4 Kg5 56. Be2 Bf7 57. Kd3 Bxh5 58. Bf1 Bf7 59. Ke4 Kf6 60. d5 Be8 61. Bh3 g5 62. d6 Bc6+ 63. Kd4 h5 64. d7 Ke7 65. Ke5 g4 66. Bf1 g3 67. b5 g2 68. bxc6 gxf1Q 0-1

[Event "Hastings Masters op 94th"]
[Site "Hastings"]
[Date "2018.12.28"]
[Round "1"]
[White "Barton, R Alan"]
[Black "Boswell, Jacob Connor"]
[Result "1/2-1/2"]
[WhiteElo "1991"]
[BlackElo "1858"]
[PlyCount "113"]
[EventDate "2018.12.28"]
[EventType "swiss"]
[EventRounds "10"]
[EventCountry "ENG"]
[SourceTitle "CBM 188 Extra"]
[Source "ChessBase"]
[SourceDate "2019.02.26"]
[SourceVersion "1"]
[SourceVersionDate "2019.02.26"]
[SourceQuality "1"]

1. Nf3 Nf6 2. c4 e6 3. b3 d5 4. Bb2 Be7 5. e3 0-0 6. Be2 a6 7. 0-0 dxc4 8. bxc4 c5 9. Ne5 Nbd7 10. Qc2 Qc7 11. f4 b6 12. Bf3 Bb7 13. Nc3 Bxf3 14. Rxf3 Nxe5 15. fxe5 Ng4 16. Rh3 h6 17. d4 Nxe3 18. Rxe3 cxd4 19. Ree1 dxc3 20. Qxc3 Rac8 21. Rac1 b5 22. cxb5 Qb6+ 23. Qd4 Qxb5 24. Qf2 Rfd8 25. Rxc8 Rxc8 26. Qe2 Qa4 27. Rc1 Rxc1+ 28. Bxc1 Qd4+ 29. Kf1 Bc5 30. Ke1 Qc3+ 31. Kd1 Ba3 32. Bxa3 Qxa3 33. Qc2 Qa5 34. Qc8+ Kh7 35. Qc2+ g6 36. Qb2 Qd5+ 37. Kc1 Qc5+ 38. Kd2 Qf2+ 39. Kc3 Qxb2+ 40. Kxb2 Kg7 41. Kc3 a5 42. Kb3 f5 43. Ka4 g5 44. Kxa5 Kf7 45. a4 Ke7 46. Kb6 f4 47. a5 g4 48. a6 f3 49. gxf3 gxf3 50. a7 f2 51. a8Q f1Q 52. Qb7+ Ke8 53. Qc6+ Ke7 54. Qd6+ Kf7 55. Qd7+ Kf8 56. Qd8+ Kf7 57. Qd7+ 1/2-1/2

[Event "London Classic op"]
[Site "London"]
[Date "2017.12.02"]
[Round "1"]
[White "Kotronias, Vasilios"]
[Black "Barton, R Alan"]
[Result "1-0"]
[WhiteElo "2524"]
[BlackElo "2052"]
[PlyCount "79"]
[EventDate "2017.12.02"]
[EventType "swiss"]
[EventRounds "9"]
[EventCountry "ENG"]
[SourceTitle "CBM 182 Extra"]
[Source "ChessBase"]
[SourceDate "2018.02.23"]
[SourceVersion "1"]
[SourceVersionDate "2018.02.23"]
[SourceQuality "1"]

1. e4 e6 2. d4 a6 3. Nf3 b5 4. Bd3 Bb7 5. 0-0 c5 6. c3 Nc6 7. Re1 cxd4 8. cxd4 Nb4 9. Bf1 Nf6 10. a3 Nc6 11. d5 Ne7 12. a4 b4 13. Nbd2 Nc8 14. Nc4 Bc5 15. Bg5 h6 16. Bh4 g5 17. Bg3 0-0 18. Nd4 d6 19. Rc1 Bxd4 20. Qxd4 e5 21. Nxe5 dxe5 22. Bxe5 Ng4 23. Bg3 Qb6 24. Qd1 Nf6 25. Bc7 Qa7 26. Be5 Nd7 27. Bd4 Qb8 28. Qg4 Qd6 29. e5 Qxd5 30. Bc4 Qxg2+ 31. Qxg2 Bxg2 32. Kxg2 Ncb6 33. Bb3 a5 34. Rc6 Rab8 35. Rxh6 Kg7 36. Rd6 Kh7 37. Re3 Rfe8 38. Bxf7 Re7 39. e6 Nf8 40. Rh3# 1-0

[Event "London Classic op U2050-B 8th"]
[Site "London"]
[Date "2016.12.15"]
[Round "4"]
[White "Barton, R Alan"]
[Black "Rahman, K Azizur"]
[Result "1-0"]
[WhiteElo "2024"]
[BlackElo "1846"]
[PlyCount "101"]
[EventDate "2016.12.12"]
[EventType "swiss"]
[EventRounds "5"]
[EventCountry "ENG"]
[SourceTitle "EXT 2019"]
[Source "ChessBase"]
[SourceDate "2018.10.10"]
[SourceVersion "1"]
[SourceVersionDate "2018.10.10"]
[SourceQuality "1"]

1. d4 Nf6 2. Nf3 d5 3. e3 c6 4. Bd3 Bg4 5. Nbd2 Nbd7 6. 0-0 e5 7. dxe5 Nxe5 8. Be2 Nxf3+ 9. Bxf3 Be6 10. b3 Be7 11. Bb2 0-0 12. Qe2 Re8 13. Rfd1 Qc7 14. c4 Rad8 15. cxd5 Nxd5 16. Ne4 Nb4 17. Ng3 Rxd1+ 18. Rxd1 Rd8 19. Nh5 f6 20. Nf4 Bf7 21. Bh5 Rxd1+ 22. Qxd1 g6 23. Bg4 Qd8 24. Qxd8+ Bxd8 25. a3 Nd5 26. Nd3 f5 27. Bf3 Be7 28. b4 Nb6 29. Bd4 Nc8 30. Ne5 Bd5 31. Bxd5+ cxd5 32. Kf1 Bd6 33. Nd3 Kf7 34. h4 Ke6 35. Ke2 b6 36. a4 Bc7 37. b5 Ne7 38. f4 Nc8 39. Nb4 Bd6 40. Nc6 Kd7 41. Ne5+ Ke6 42. Nf3 Ke7 43. Kd3 Kd7 44. Ng5 h5 45. Nf3 Ne7 46. Bf6 Ng8 47. Bg5 Bc7 48. Kd4 Ke6 49. Ne5 Bxe5+ 50. fxe5 Kd7 51. Kxd5 1-0

[Event "London Classic op U2050-A 8th"]
[Site "London"]
[Date "2016.12.10"]
[Round "3"]
[White "Barton, R Alan"]
[Black "Marin Aso, Jose Luis"]
[Result "1/2-1/2"]
[WhiteElo "2024"]
[BlackElo "1882"]
[PlyCount "129"]
[EventDate "2016.12.09"]
[EventType "swiss"]
[EventRounds "5"]
[EventCountry "ENG"]
[SourceTitle "EXT 2019"]
[Source "ChessBase"]
[SourceDate "2018.10.10"]
[SourceVersion "1"]
[SourceVersionDate "2018.10.10"]
[SourceQuality "1"]

1. d4 Nf6 2. Nf3 g6 3. c4 Bg7 4. Nc3 0-0 5. Bg5 d6 6. e3 c5 7. d5 Bg4 8. Be2 e6 9. 0-0 exd5 10. Nxd5 Nbd7 11. h3 Be6 12. Nf4 Qb6 13. Nxe6 fxe6 14. Qc2 Ne8 15. Rfd1 Rb8 16. Rd2 Ndf6 17. Rad1 Qc6 18. Bxf6 Bxf6 19. Nh2 Bg7 20. Bg4 Rf6 21. f4 Qd7 22. Bf3 Qe7 23. g4 Rf7 24. g5 Bf8 25. Ng4 a6 26. a4 Bg7 27. Be4 Rf5 28. Qd3 Bf8 29. Qe2 Rf7 30. h4 Ng7 31. Nh6+ Kh8 32. Nxf7+ Qxf7 33. Qd3 Nf5 34. Bxf5 Qxf5 35. Qxf5 exf5 36. Rxd6 Bxd6 37. Rxd6 Re8 38. Kf2 Re4 39. b3 Re7 40. Kf3 Kg7 41. Rd5 Rc7 42. e4 fxe4+ 43. Kxe4 Kf7 44. f5 Re7+ 45. Re5 gxf5+ 46. Kxf5 Rc7 47. a5 Rc6 48. h5 b6 49. axb6 Rxb6 50. Rxc5 Rxb3 51. Rc7+ Kg8 52. g6 hxg6+ 53. hxg6 a5 54. Ke5 Rb6 55. Kf5 Ra6 56. c5 a4 57. c6 a3 58. Rc8+ Kg7 59. Rc7+ Kg8 60. Kf6 Ra8 61. Rg7+ Kh8 62. Rh7+ Kg8 63. Rg7+ Kh8 64. Rh7+ Kg8 65. Rg7+ 1/2-1/2

[Event "London Classic op U2050-A 8th"]
[Site "London"]
[Date "2016.12.09"]
[Round "1"]
[White "Barton, R Alan"]
[Black "Barr, Gabriel"]
[Result "1/2-1/2"]
[WhiteElo "2024"]
[BlackElo "1839"]
[PlyCount "72"]
[EventDate "2016.12.09"]
[EventType "swiss"]
[EventRounds "5"]
[EventCountry "ENG"]
[SourceTitle "EXT 2019"]
[Source "ChessBase"]
[SourceDate "2018.10.10"]
[SourceVersion "1"]
[SourceVersionDate "2018.10.10"]
[SourceQuality "1"]

1. d4 f5 2. Nf3 d6 3. Nc3 Nf6 4. Bg5 g6 5. Bxf6 exf6 6. e3 d5 7. a3 c6 8. h4 Bd6 9. Qd2 Be6 10. Bd3 Nd7 11. Ne2 Qc7 12. Nf4 Bxf4 13. exf4 h5 14. g3 Kf7 15. c3 b5 16. 0-0 Nb6 17. Rfe1 Nc4 18. Qc2 Nd6 19. Re3 Rae8 20. Rae1 Qd8 21. Nd2 Bc8 22. Nb3 Rxe3 23. Rxe3 Re8 24. Qe2 Rxe3 25. Qxe3 Qe8 26. Qxe8+ Kxe8 27. f3 Ke7 28. Nc5 Nb7 29. Nxb7 Bxb7 30. g4 Bc8 31. gxh5 gxh5 32. Kf2 Kd6 33. Ke3 Be6 34. Kd2 Kc7 35. Kc2 Kb6 36. b4 a6 1/2-1/2

[Event "BCF-ch Seniors 50"]
[Site "Bournemouth"]
[Date "2016.08.04"]
[Round "6"]
[White "Barton, R Alan"]
[Black "Burnett, Jim"]
[Result "1-0"]
[WhiteElo "1976"]
[BlackElo "2143"]
[PlyCount "71"]
[EventDate "2016.07.30"]
[EventType "swiss"]
[EventRounds "7"]
[EventCountry "ENG"]
[SourceTitle "CBM 173 Extra"]
[Source "ChessBase"]
[SourceDate "2016.08.29"]
[SourceVersion "1"]
[SourceVersionDate "2016.08.29"]
[SourceQuality "1"]

1. Nf3 d5 2. d4 e6 3. Bg5 Be7 4. Bxe7 Qxe7 5. Nbd2 Nf6 6. e3 c5 7. c3 0-0 8. Bd3 Nc6 9. Ne5 Nxe5 10. dxe5 Nd7 11. f4 f6 12. exf6 Qxf6 13. Qe2 e5 14. 0-0-0 exf4 15. Qh5 g6 16. Qxd5+ Kg7 17. exf4 Qxf4 18. Rde1 Qh4 19. Nf3 Qd8 20. Bc4 Nb6 21. Qxd8 Rxd8 22. Re7+ Kh6 23. Ne5 Rf8 24. Nf7+ Kg7 25. Nd6+ Kh6 26. Bf7 Rb8 27. Rhe1 Bf5 28. Nxf5+ gxf5 29. h4 Nc8 30. Rd7 b5 31. Re6+ Kg7 32. Bg6+ Kh8 33. Rxh7+ Kg8 34. Rc7 Rb6 35. Bh7+ Kh8 36. Bxf5 1-0

[Event "BCF-ch Seniors 50"]
[Site "Bournemouth"]
[Date "2016.08.03"]
[Round "5"]
[White "Reuben, Stewart"]
[Black "Barton, R Alan"]
[Result "0-1"]
[WhiteElo "2033"]
[BlackElo "1976"]
[PlyCount "110"]
[EventDate "2016.07.30"]
[EventType "swiss"]
[EventRounds "7"]
[EventCountry "ENG"]
[SourceTitle "CBM 173 Extra"]
[Source "ChessBase"]
[SourceDate "2016.08.29"]
[SourceVersion "1"]
[SourceVersionDate "2016.08.29"]
[SourceQuality "1"]

1. d4 d6 2. e4 e5 3. Nf3 Nd7 4. c3 Be7 5. Bc4 Nh6 6. Qb3 0-0 7. Bxh6 gxh6 8. Nbd2 Bf6 9. Nf1 Nb6 10. Bd3 Be6 11. d5 Bg4 12. Ne3 h5 13. h3 Bd7 14. g4 Kh8 15. gxh5 Rg8 16. Bb5 c6 17. Be2 cxd5 18. Nxd5 Nxd5 19. Qxd5 Be6 20. Qb5 Qc7 21. 0-0-0 a6 22. Qa4 b5 23. Qc2 Qc5 24. Kb1 b4 25. c4 a5 26. Bf1 a4 27. Rg1 Rxg1 28. Nxg1 b3 29. axb3 axb3 30. Qxb3 Qxf2 31. Qf3 Bh4 32. Be2 Qa7 33. Qb3 Rb8 34. Qc3 Qb7 35. Bf3 Bf2 36. Ne2 Bc5 37. Rd2 Bb4 38. Qd3 Bxd2 39. Qxd2 Bxc4 40. Nc3 Qb6 41. Bd1 Qb4 42. h6 Rg8 43. h4 Qc5 44. h5 Qd4 45. Kc1 Qxd2+ 46. Kxd2 Rg2+ 47. Be2 Rh2 48. Ke3 Bxe2 49. Nxe2 Rxh5 50. Kd2 Rxh6 51. b4 Rg6 52. b5 h5 53. b6 h4 54. Nc3 h3 55. Nb5 d5 0-1

[Event "Hastings Masters op 90th"]
[Site "Hastings"]
[Date "2015.01.04"]
[Round "7"]
[White "Barton, R Alan"]
[Black "Brustkern, Juergen"]
[Result "0-1"]
[WhiteElo "2042"]
[BlackElo "2236"]
[PlyCount "76"]
[EventDate "2014.12.29"]
[EventType "swiss"]
[EventRounds "9"]
[EventCountry "ENG"]
[SourceTitle "CBM 164 Extra"]
[Source "ChessBase"]
[SourceDate "2015.03.02"]
[SourceVersion "1"]
[SourceVersionDate "2015.03.02"]
[SourceQuality "1"]

1. b4 e5 2. a3 d5 3. Bb2 Bd6 4. e3 Nf6 5. Nf3 Qe7 6. c4 c6 7. cxd5 cxd5 8. Be2 0-0 9. 0-0 Nbd7 10. d4 e4 11. Nfd2 Nb6 12. Nc3 Bd7 13. Qb3 Rad8 14. b5 Bb8 15. Rfc1 Qd6 16. Nf1 Be6 17. a4 Nc4 18. Bxc4 dxc4 19. Qa3 Qd7 20. Qa2 Rc8 21. Ba3 Rfe8 22. Qd2 h5 23. Ng3 Bd5 24. Nxd5 Qxd5 25. h3 h4 26. Nf1 Qe6 27. Bb4 Nd5 28. Bc3 Bd6 29. Qb2 Re7 30. a5 f5 31. Ra4 f4 32. Qe2 f3 33. gxf3 Qxh3 34. fxe4 Rxe4 35. f3 Re6 36. Nh2 Bxh2+ 37. Qxh2 Rg6+ 38. Kh1 Qxf3+ 0-1

[Event "Hastings Masters op 90th"]
[Site "Hastings"]
[Date "2015.01.02"]
[Round "5"]
[White "Barton, R Alan"]
[Black "Longson, Alexander"]
[Result "1/2-1/2"]
[WhiteElo "2042"]
[BlackElo "2339"]
[PlyCount "186"]
[EventDate "2014.12.29"]
[EventType "swiss"]
[EventRounds "9"]
[EventCountry "ENG"]
[SourceTitle "CBM 164 Extra"]
[Source "ChessBase"]
[SourceDate "2015.03.02"]
[SourceVersion "1"]
[SourceVersionDate "2015.03.02"]
[SourceQuality "1"]

1. d4 Nf6 2. Bg5 Ne4 3. Bf4 d5 4. e3 c5 5. c3 Nc6 6. Nd2 Bf5 7. Ngf3 cxd4 8. exd4 Nxd2 9. Qxd2 e6 10. Bd3 Bxd3 11. Qxd3 Bd6 12. Bxd6 Qxd6 13. 0-0 0-0-0 14. Rfe1 f6 15. Re2 g6 16. Rae1 Rhe8 17. Nd2 Re7 18. Nb3 Kb8 19. Qb5 a6 20. Qc5 Kc7 21. Qxd6+ Kxd6 22. f4 h6 23. Rf1 Rf8 24. Ref2 Ref7 25. h4 h5 26. Re1 b6 27. g3 Re7 28. Kg2 Nd8 29. Nc1 Nf7 30. Nd3 Nh6 31. Rfe2 Nf5 32. a3 Rg8 33. Kh2 Kd7 34. Kh3 Rc8 35. Rg1 a5 36. Rge1 Nd6 37. Nf2 Rg8 38. Rg1 Rh8 39. Rd1 Ke8 40. Rde1 Kf7 41. Rf1 Rc7 42. Rfe1 Re8 43. Kh2 Rc4 44. Nd3 Ne4 45. Nf2 Nd6 46. Nd3 Ne4 47. Nf2 Nxf2 48. Rxf2 Rec8 49. Rd2 b5 50. Re3 b4 51. axb4 axb4 52. cxb4 Rxb4 53. Ra3 Rcb8 54. Ra7+ Kf8 55. Kh3 Rxb2 56. Rxb2 Rxb2 57. Ra8+ Kf7 58. Ra7+ Kf8 59. Ra8+ Kg7 60. Ra7+ Kh6 61. Rf7 Re2 62. Re7 g5 63. hxg5+ fxg5 64. fxg5+ Kxg5 65. Rg7+ Kf6 66. Rh7 Kg6 67. Re7 Re4 68. Re8 Kf7 69. Rh8 Rxd4 70. Rxh5 Kg6 71. g4 Rf4 72. Kg3 Rf8 73. Rh1 Ra8 74. Re1 Ra3+ 75. Kh4 Ra6 76. Rd1 Ra8 77. Re1 Re8 78. Rd1 Kf6 79. g5+ Kf5 80. Rf1+ Ke4 81. g6 Ke3 82. Kg5 Ke2 83. Rf7 d4 84. g7 Rg8 85. Kf6 d3 86. Re7 Rd8 87. Rxe6+ Kf2 88. Ra6 d2 89. Ra1 Ke2 90. Kf7 Rd7+ 91. Kf6 Rxg7 92. Kxg7 d1Q 93. Rxd1 Kxd1 1/2-1/2